000
00282nam a22001337a 4500
008
171031b xxu||||| |||| 00| 0 eng d
020
_a
9780742501430
041
_a
eng
080
_a
33
100
_a
59
101
_a
BUD
245
_a
SMART SANCTIONS
_c
DAVID.C
942
_2
udc
_c
BK
999
_c
36845
_d
36845